Εμμανουήλ Ροΐδης : η τέχνη του ύφους και της πολεμικής

Αποθηκεύτηκε σε:
Λεπτομέρειες βιβλιογραφικής εγγραφής
Κύριος συγγραφέας: Δημηρούλης, Δημήτρης Σ.
Μορφή: Βιβλίο
Γλώσσα:Greek
Δημοσίευση: Αθήνα : Μεταίχμιο, c2005
Σειρά:Μελέτες [Μεταίχμιο]
Θέματα:
Ετικέτες: Προσθήκη ετικέτας
Δεν υπάρχουν, Καταχωρήστε ετικέτα πρώτοι!

MARC

LEADER 00000nam a2200000 i 4500
001 1/96233
008 081030s2005 gre d
020 |a 960-375-867-1 
035 |l 10101257 
040 |a GR-MY-UA  |b gre  |e aacr 
041 0 |a gre 
082 0 |a 889.3  |2 (22) 
100 1 |a Δημηρούλης, Δημήτρης Σ. 
245 1 0 |a Εμμανουήλ Ροΐδης :  |b η τέχνη του ύφους και της πολεμικής /  |c Δημήτρης Δημηρούλης 
260 |a Αθήνα :   |b Μεταίχμιο,   |c c2005 
300 |a 242 σ.;  |c 21 εκ. 
490 1 |a Μελέτες [Μεταίχμιο] 
504 |a Βιβλιογραφία: σ. 229-231. Ευρετήριο 
600 1 0 |a Ροΐδης, Εμμανουήλ Δ.,   |d 1836-1904  |x Criticism and interpretation. 
650 0 0 |a Greek literature, Modern  |y 19th century  |x History and criticism. 
830 0 |a Μελέτες [Μεταίχμιο] 
852 |a INST  |b SYROS  |c KYK  |e 20081030  |h 889.3 ΔΗΜ  |p 005500008966  |q 005500008966  |t BK  |y 0 
901 |a BIBL5-2008-3 
909 |a Ε  |b 141449 
922 |a 5ΕΛΗ  |b 200711  |c ΕΠΕΑΕΚ2/ΤΜΣΠΣ  |d Σ. ΠΑΤΑΚΗΣ 
970 |a ΚΑΓΙΑΒΑ  |b ΕΙΡΗΝΗ  |z 2008/10/20